<?xml version="1.0" encoding="UTF-8"?>
<record
    xmlns:xsi="http://www.w3.org/2001/XMLSchema-instance"
    xsi:schemaLocation="http://www.loc.gov/MARC21/slim http://www.loc.gov/standards/marcxml/schema/MARC21slim.xsd"
    xmlns="http://www.loc.gov/MARC21/slim">

  <leader>00724nab a2200217 uc4500</leader>
  <controlfield tag="001">729584</controlfield>
  <controlfield tag="005">20240201165628.0</controlfield>
  <controlfield tag="008">020405e20010705                    spa  </controlfield>
  <datafield tag="035" ind1=" " ind2=" ">
    <subfield code="a">729584</subfield>
  </datafield>
  <datafield tag="035" ind1=" " ind2=" ">
    <subfield code="a">(OCoLC)819939555</subfield>
  </datafield>
  <datafield tag="040" ind1=" " ind2=" ">
    <subfield code="c">comduadb</subfield>
  </datafield>
  <datafield tag="041" ind1=" " ind2=" ">
    <subfield code="a">spa</subfield>
  </datafield>
  <datafield tag="100" ind1="1" ind2="0">
    <subfield code="a">Sanchez, Jose Anibal</subfield>
    <subfield code="4">aut</subfield>
    <subfield code="e">aut</subfield>
    <subfield code="9">354047</subfield>
  </datafield>
  <datafield tag="245" ind1="1" ind2="0">
    <subfield code="a">Globalizacion y reformas legales</subfield>
  </datafield>
  <datafield tag="650" ind1=" " ind2=" ">
    <subfield code="a">Globalizaci&#xF3;n y pol&#xED;tica</subfield>
    <subfield code="9">81884</subfield>
  </datafield>
  <datafield tag="650" ind1=" " ind2=" ">
    <subfield code="a">Reforma legal</subfield>
    <subfield code="9">174276</subfield>
  </datafield>
  <datafield tag="650" ind1=" " ind2=" ">
    <subfield code="a">Reforma pol&#xED;tica - Colombia</subfield>
    <subfield code="9">42274</subfield>
  </datafield>
  <datafield tag="650" ind1=" " ind2=" ">
    <subfield code="a">FMI (Fondo Monetario Internacional)</subfield>
    <subfield code="9">57266</subfield>
  </datafield>
  <datafield tag="773" ind1="0" ind2=" ">
    <subfield code="t">Justicia (Universidad Sim&#xF3;n Bol&#xED;var - Barranquilla)</subfield>
    <subfield code="g">N&#xFA;mero 04, Julio de 2001, p. 23-26</subfield>
    <subfield code="w">645644</subfield>
    <subfield code="x">0124-7441</subfield>
    <subfield code="0">189104</subfield>
  </datafield>
  <datafield tag="942" ind1=" " ind2=" ">
    <subfield code="c">ARIMP</subfield>
  </datafield>
  <datafield tag="999" ind1=" " ind2=" ">
    <subfield code="c">230354</subfield>
    <subfield code="d">230354</subfield>
  </datafield>
</record>
